101 inspiring stories : principles for successful living (Record no. 285951)

MARC details
000 -LEADER
fixed length control field 00425nam a2200157Ia 4500
005 - DATE AND TIME OF LATEST TRANSACTION
control field 20241029101024.0
008 - FIXED-LENGTH DATA ELEMENTS--GENERAL INFORMATION
fixed length control field 240126s9999 xx 000 0 und d
020 ## - INTERNATIONAL STANDARD BOOK NUMBER
International Standard Book Number 9788184950281
082 ## - DEWEY DECIMAL CLASSIFICATION NUMBER
Classification number 813.08 XAV;1 R
100 ## - MAIN ENTRY--PERSONAL NAME
Personal name Xavier, G Francis.
245 #0 - TITLE STATEMENT
Title 101 inspiring stories : principles for successful living
260 ## - PUBLICATION, DISTRIBUTION, ETC. (IMPRINT)
Name of publisher, distributor, etc. Jaico Publishing
Place of publication, distribution, etc. Ahmedabad
Date of publication, distribution, etc. 2018
300 ## - PHYSICAL DESCRIPTION
Extent xvi, 187
440 ## - SERIES STATEMENT/ADDED ENTRY--TITLE
Title NULL
942 ## - ADDED ENTRY ELEMENTS (KOHA)
Koha item type PESU Books
Holdings
Date last seen Total Checkouts Total Renewals Full call number Accession number Volume/Issue Number Date checked out Cost, replacement price Price effective from Category Lost status Damaged status Department Withdrawn status bill no. Permanent Location Current Location Shelving location Entry date Vendor Cost, normal purchase price Grants Currency symbol Conversion rate Discount Discount type
21/05/2025 3 2 813.08 XAV;1 R PU9219 (10/07/1905) 19/05/2025 239.20 26/01/2024 PESU Books     Central Library   1177 Central Library Central Library Central Library 16/10/2018 Sreenivasan K V 299.00 GEN RS 1 59.8 Rupees

© For any Suggestions or Query, please contact the library staff @ librarian@pes.edu or Phone: +9180 2672 1983/ 2108.